|
|
|
|
| LEADER |
00000nam a2200000 a 4500 |
| 003 |
Ucuenca |
| 005 |
20231218090407.0 |
| 008 |
998020|1993 sp |||||r|||||||||||spa|| |
| 020 |
|
|
|a 8480760230
|
| 040 |
|
|
|b spa
|
| 041 |
1 |
|
|a spa
|
| 082 |
0 |
|
|a 636.7
|
| 100 |
1 |
|
|a Fogle, Bruce
|9 72417
|
| 245 |
|
|
|a Conozca a su perro:
|b guía práctica para comprender el comportamiento del perro
|c Bruce Fogle
|h imp
|
| 264 |
|
|
|a Barcelona
|b Blume
|c 1993
|
| 300 |
|
|
|a 128 páginas:
|b ilu
|c 27,5 cm
|
| 505 |
0 |
|
|a Introducción.-- El instinto de manada.-- Vida de perro.-- En casa y con nosotros.-- Aumenta la familia.-- Apéndice
|
| 650 |
|
|
|a Perro
|9 72418
|
| 650 |
|
0 |
|a Comportamiento animal
|9 71256
|
| 650 |
|
|
|a Razas de perros
|9 71824
|
| 852 |
|
|
|a UC-YANUNCAY
|f Compra
|l 1
|m General
|p 19980204
|q 5,00
|r 2
|t 2292
|b 0
|d CDRY
|e CDRY
|g 636.7 SALA 1 AGROPECUARIAS
|z 1998-80-20
|
| 942 |
|
|
|c BK
|z diana.leon@ucuenca.edu.ec
|0 3
|
| 999 |
|
|
|c 44973
|d 44973
|